000 00641nam a2200253Ia 4500
003 OSt
005 20221005085441.0
006 a|||||r|||| 00| 0
007 ta
008 221004b |||||||| |||| 00| 0 eng d
020 _a0449209342
024 _a41577
037 _cTextual
040 _aCRL
_cCRL
_beng
041 _2eng
_aeng
082 _aO111,3N32,RR, N1
100 _aUpdike John
245 0 _aRabbit redux
260 _aNew York
_bFawcett Crest USA
_c1991
300 _a352p
_ccm.
650 _aENGLISH LITERATURE
942 _hO111,3N32,RR, N1
_cTEXL
_2cc
999 _c994233
_d994233